MARC details
| 000 -CABECERA |
| campo de control de longitud fija |
02768cam a2200385 i 4500 |
| 001 - NÚMERO DE CONTROL |
| campo de control |
on1419080582 |
| 003 - IDENTIFICADOR DEL NÚMERO DE CONTROL |
| campo de control |
OCoLC |
| 005 - FECHA Y HORA DE LA ÚLTIMA TRANSACCIÓN |
| campo de control |
20251120175449.0 |
| 008 - DATOS DE LONGITUD FIJA--INFORMACIÓN GENERAL |
| campo de control de longitud fija |
240117t20242024nyua e 000 f eng |
| 010 ## - NÚMERO DE CONTROL DE LA BIBLIOTECA DEL CONGRESO |
| Número de control de LC |
2024001958 |
| 020 ## - NÚMERO INTERNACIONAL ESTÁNDAR DEL LIBRO |
| Número Internacional Estándar del Libro |
9780241435021 |
| Información calificativa |
paperback |
| 035 ## - NÚMERO DE CONTROL DEL SISTEMA |
| Número de control de sistema |
(OCoLC)1419080582 |
| Número de control cancelado/no válido |
(OCoLC)1411031486 |
| -- |
(OCoLC)1451414362 |
| 040 ## - FUENTE DE LA CATALOGACIÓN |
| Centro catalogador/agencia de origen |
DLC |
| Lengua de catalogación |
eng |
| Normas de descripción |
rda |
| Centro/agencia transcriptor |
DLC |
| Centro/agencia modificador |
OCLCO |
| -- |
AUNTL |
| -- |
OCLCO |
| -- |
OCO |
| -- |
YDX |
| -- |
BDX |
| -- |
LMJ |
| -- |
AZH |
| -- |
ZVR |
| -- |
GK8 |
| -- |
AUPTL |
| -- |
ZAE |
| -- |
IUK |
| -- |
OCLCO |
| -- |
YDX |
| -- |
JTH |
| -- |
YU6 |
| -- |
DEERP |
| -- |
GSU |
| -- |
AUM |
| -- |
SFB |
| -- |
YUS |
| 042 ## - CÃDIGO DE AUTENTICACIÃN |
| Código de autenticación |
pcc |
| 043 ## - CÓDIGO DE ÁREA GEOGRÁFICA |
| Código de área geográfica |
aw----- |
| 050 00 - SIGNATURA TOPOGRÁFICA DE LA BIBLIOTECA DEL CONGRESO |
| Número de clasificación |
PS3619.H328 |
| Número de documento/Ítem |
T45 2024 |
| 100 ## - ENTRADA PRINCIPAL--NOMBRE DE PERSONA |
| Nombre de persona |
Shafak, Elif |
| Fechas asociadas al nombre |
1971- |
| Término indicativo de función/relación |
author. |
| 9 (RLIN) |
14199 |
| 245 10 - MENCIÓN DE TÍTULO |
| Título |
There are rivers in the sky |
| Resto del título |
: a novel |
| Mención de responsabilidad, etc. |
/ Elif Shafak. |
| 250 ## - MENCIÓN DE EDICIÓN |
| Mención de edición |
First American edition. |
| 264 #1 - PRODUCCIÓN, PUBLICACIÓN, DISTRIBUCIÓN, FABRICACIÓN Y COPYRIGHT |
| Producción, publicación, distribución, fabricación y copyright |
New York : |
| Nombre del de productor, editor, distribuidor, fabricante |
Alfred A. Knopf, |
| Fecha de producción, publicación, distribución, fabricación o copyright |
2024. |
| 264 #4 - PRODUCCIÓN, PUBLICACIÓN, DISTRIBUCIÓN, FABRICACIÓN Y COPYRIGHT |
| Fecha de producción, publicación, distribución, fabricación o copyright |
©2024 |
| 300 ## - DESCRIPCIÓN FÍSICA |
| Extensión |
443 pages : |
| Otras características físicas |
illustrations ; |
| Dimensiones |
25 cm |
| 500 ## - NOTA GENERAL |
| Nota general |
"This is a Borzoi book." -- title page verso. |
| 520 ## - SUMARIO, ETC. |
| Sumario, etc. |
"This is the story of one lost poem, two great rivers, and three remarkable lives -- all connected by a single drop of water. In the ruins of Nineveh, that ancient city of Mesopotamia, there lies hidden in the sand fragments of a long-forgotten poem, the Epic of Gilgamesh. In Victorian London, an extraordinary child is born at the edge of the dirt-black Thames. Arthur's only chance of escaping poverty is his brilliant memory. When his gift earns him a spot as an apprentice at a printing press, Arthur's world opens up far beyond the slums, with one book soon sending him across the seas: Nineveh and Its Remains. In 2014 Turkey, Narin, a Yazidi girl living by the River Tigris, waits to be baptised with water brought from the holy city of Lalish in Iraq. The ceremony is cruelly interrupted, and soon Narin and her grandmother must journey across war-torn lands in the hope of reaching the sacred valley of their people. In 2018 London, broken-hearted Zaleekhah, a hydrologist, moves to a houseboat on the Thames to escape the wreckage of her marriage. Zaleekhah foresees a life drained of all love and meaning -- until an unexpected connection to her homeland changes everything. A dazzling feat of storytelling from one of the greatest writers of our time, Elif Shafak's There are Rivers in the Sky is a rich, sweeping novel that spans centuries, continents and cultures, entwined by rivers, rains, and waterdrops." -- |
| Fuente proveedora |
Publisher's description. |
| 650 #0 - PUNTO DE ACCESO ADICIONAL DE MATERIA--TÉRMINO DE MATERIA |
| Término de materia o nombre geográfico como elemento de entrada |
Apprentices |
| Subdivisión de forma |
Fiction. |
| 650 #0 - PUNTO DE ACCESO ADICIONAL DE MATERIA--TÉRMINO DE MATERIA |
| Término de materia o nombre geográfico como elemento de entrada |
Voyages and travels |
| Subdivisión de forma |
Fiction. |
| 650 #0 - PUNTO DE ACCESO ADICIONAL DE MATERIA--TÉRMINO DE MATERIA |
| Término de materia o nombre geográfico como elemento de entrada |
Rain and rainfall |
| Subdivisión de forma |
Fiction. |
| 650 #0 - PUNTO DE ACCESO ADICIONAL DE MATERIA--TÉRMINO DE MATERIA |
| Término de materia o nombre geográfico como elemento de entrada |
Hydrologists |
| Subdivisión de forma |
Fiction. |
| 650 #0 - PUNTO DE ACCESO ADICIONAL DE MATERIA--TÉRMINO DE MATERIA |
| Término de materia o nombre geográfico como elemento de entrada |
Rivers |
| Subdivisión de forma |
Fiction. |
| 651 #0 - PUNTO DE ACCESO ADICIONAL DE MATERIA--NOMBRE GEOGRÁFICO |
| Nombre geográfico |
Middle East |
| Subdivisión de forma |
Fiction. |
| 651 #0 - PUNTO DE ACCESO ADICIONAL DE MATERIA--NOMBRE GEOGRÁFICO |
| Nombre geográfico |
Nineveh (Extinct city) |
| Subdivisión de forma |
Fiction. |
| 655 #0 - TÉRMINO DE INDIZACIÓN--GÉNERO/FORMA |
| Datos o término principal de género/forma |
Historical fiction |
| 9 (RLIN) |
22722 |
| 655 #0 - TÉRMINO DE INDIZACIÓN--GÉNERO/FORMA |
| Datos o término principal de género/forma |
Epic fiction. |
| 9 (RLIN) |
24866 |
| 942 ## - ELEMENTOS DE ENTRADA AGREGADA (KOHA) |
| Fuente del sistema de clasificación o colocación |
Clasificación de Library of Congress |